000 00914 a2200205 4500
003 NUST
005 20221215141445.0
010 _a58045155
040 _cNust
082 _a325.3,JEN
100 _aJennings, Ivor, Sir,
_9104979
245 _aThe British Commonwealth of Nations /
_cSir Ivor Jennings
250 _a3rd ed
260 _aHutchinson’s University Library
_bLondon,
_c1956
300 _a175 p.:
_b19 cm
505 _aWhere the Sun Never Sets (Page-9), The Nations (Page-13), Responsible Government (Page-55), Free Association (Page-69), A Digression about Laws (Page-78), Defense (Page-84), Foreign Affairs (Page-95), Wide Open Space (Page-105), Imperialism (Page-114), Empire Trade (Page-119), The Commonwealth in the East (Page-125), An Assessment (Page-165).
600 _aJennings, Ivor, Sir,
_9104979
650 _aThe British Commonwealth of Nations
_9104980
942 _2ddc
_cBK
_k325.3,JEN
999 _c184186
_d184186